| 000 | 00416pab a2200145 454500 | ||
|---|---|---|---|
| 008 | 180718b1984 xxu||||| |||| 00| 0 eng d | ||
| 100 | _aRidler, Neil B. | ||
| 245 | _aFiscal constraints and the growth of user fees among Canadian municipalities | ||
| 260 | _c1984 | ||
| 300 | _a429-36 | ||
| 362 | _aFall/Autumn | ||
| 650 | _aMunicipal Finance - Canada | ||
| 773 | _aCanadian Public Administration | ||
| 909 | _a13852 | ||
| 999 |
_c13852 _d13852 |
||